El rosal fecundo / (Record no. 123884)

MARC details
000 -LEADER
campo de control de longitud fija 00488nam a2200157 4500
001 - NÚMERO DE CONTROL
campo de control 123884
003 - IDENTIFICADOR DE NÚMERO DE CONTROL
campo de control ES-MaACL
005 - FECHA Y HORA DE LA ÚLTIMA TRANSACCIÓN
campo de control 20230906192252.0
007 - CAMPO FIJO DE DESCRIPCIÓN FÍSICA--INFORMACIÓN GENERAL
campo de control de longitud fija t|
008 - DATOS DE LONGITUD FIJA--INFORMACIÓN GENERAL
campo de control de longitud fija 070214s1962 pr r ||||1| spa d
100 1# - ENTRADA PRINCIPAL--NOMBRE DE PERSONA
Nombre de persona Ramírez de Arellano de Nolla, Olga.
9 (RLIN) 95133
245 13 - MENCIÓN DEL TÍTULO
Título El rosal fecundo /
Mención de responsabilidad, etc. Olga Ramírez de Arellano de Nolla.
260 ## - PUBLICACIÓN, DISTRIBUCIÓN, ETC.
Lugar de publicación, distribución, etc. San Juan de Puerto Rico :
Nombre del editor, distribuidor, etc. [s. n.],
Fecha de publicación, distribución, etc. 1962 (
Fabricante Gráf. Diario Día)
300 ## - DESCRIPCIÓN FÍSICA
Extensión 125 p. ;
Dimensiones 24 cm.
852 ## - LOCALIZACIÓN
Ubicación ES-MaACL
Número de control de estantería C-21395
Sublocalización o colección R.49847
Holdings
Estatus retirado Estado de pérdida Estado de daño No para préstamo Biblioteca de origen Biblioteca actual Ubicación en estantería Fecha de adquisición Fuente de adquisición Total de préstamos Signatura topográfica completa Código de barras Visto por última vez Precio de reemplazo Tipo de ítem Koha
        Biblioteca del Ateneo de Madrid Biblioteca del Ateneo de Madrid Galería 17/01/2008     C-21395 1129071 23/02/2023 23/02/2023 Libro impreso